[Event "Oakham Young Masters"]
[Site "Oakham"]
[Date "1988.03.30"]
[Round "3.4"]
[White "Conquest, Stuart"]
[Black "Horvath, Csaba"]
[Result "1/2-1/2"]
[WhiteElo "2445"]
[BlackElo "2445"]
[EventDate "1988.03.28"]
[PlyCount "73"]
[Source "John Saunders"]

1.d4 Nf6 2.c4 e6 3.Nc3 Bb4 4.Qc2 O-O 5.a3 Bxc3+ 6.Qxc3 b6 7.Bg5 Bb7 8.e3 
d6 9.Nf3 Nbd7 10.Bd3 c5 11.O-O Rc8 12.Nd2 h6 13.Bh4 cxd4 14.exd4 d5 15.b3 
Qc7 16.Rac1 Qb8 17.Qb2 Nh5 18.Bg3 Nxg3 19.hxg3 Qa8 20.f3 Rfd8 21.Bb1 Qb8 
22.f4 dxc4 23.bxc4 Nf6 24.Nf3 Be4 25.Ba2 Qd6 26.Rcd1 Ng4 27.Rfe1 Bxf3 28.
gxf3 Nf6 29.Kg2 Rc7 30.Re3 Rcd7 31.Bb3 Qc7 32.Red3 Re7 33.Qe2 Ne8 34.Qe5 
Red7 35.Ba4 Re7 36.Bb3 Red7 37.Ba4 1/2-1/2

[Event "Oakham Young Masters"]
[Site "Oakham"]
[Date "1988.03.30"]
[Round "3.6"]
[White "Janjgava, Lasha"]
[Black "Rechlis, Gad"]
[Result "1-0"]
[WhiteElo "2425"]
[BlackElo "2475"]
[EventDate "1988.03.28"]
[PlyCount "67"]
[Source "John Saunders"]

1.d4 Nf6 2.Nf3 c5 3.d5 d6 4.Nc3 g6 5.e4 Bg7 6.Be2 O-O 7.O-O Na6 8.Re1 Nc7 
9.a4 b6 10.Bf4 a6 11.Qd2 Bb7 12.Rab1 Rc8 13.h3 Re8 14.Bh2 Nd7 15.Bf1 Rf8 
16.Rbd1 f6 17.Bf4 Ne5 18.Nxe5 fxe5 19.Be3 Kh8 20.Rb1 e6 21.Bc4 exd5 22.
Nxd5 b5 23.axb5 axb5 24.Nxc7 Rxc7 25.Bd5 Bc8 26.Ra1 Qe7 27.Ra8 Bf6 28.Rea1
b4 29.Rd1 g5 30.Bc4 g4 31.hxg4 Bxg4 32.Rxf8+ Qxf8 33.Qxd6 Qg7 34.Qd8+ 1-0

[Event "Oakham Young Masters"]
[Site "Oakham"]
[Date "1988.03.30"]
[Round "3.7"]
[White "Stratil, Ladislav jr"]
[Black "Girinath, Puligadda"]
[Result "1-0"]
[WhiteElo "2430"]
[BlackElo "2200"]
[EventDate "1988.03.28"]
[PlyCount "93"]
[Source "John Saunders"]

1.d4 Nf6 2.c3 g6 3.Bg5 Bg7 4.Nd2 d6 5.e4 Nbd7 6.f4 e5 7.Ngf3 Qe7 8.fxe5 
dxe5 9.Bd3 h6 10.Bh4 g5 11.Bg3 Nh5 12.d5 Nf4 13.Bf1 O-O 14.Qc2 f5 15.O-O-O
Nc5 16.Bc4 Kh8 17.Bxf4 gxf4 18.Bd3 c6 19.dxc6 bxc6 20.exf5 Nxd3+ 21.Qxd3 
Bxf5 22.Ne4 Rad8 23.Qe2 Rd5 24.Rhe1 Rb8 25.Qc2 Ra5 26.Kb1 Rab5 27.b3 Qa3 
28.Nfd2 a5 29.Nc4 Qe7 30.Ncd6 Bxe4 31.Qxe4 Rc5 32.Kc2 Qe6 33.Qf5 Re8 34.
Qxe6 Rxe6 35.c4 e4 36.Rxe4 Rxe4 37.Nxe4 Rh5 38.h3 Re5 39.Rd8+ Kh7 40.Kd3 
Re6 41.Rd6 Re7 42.Rxc6 Be5 43.Rc5 Bc7 44.Rd5 Rg7 45.c5 Kg8 46.Nf6+ Kf7 47.
Ng4 1-0

[Event "Oakham Young Masters"]
[Site "Oakham"]
[Date "1988.03.30"]
[Round "3.8"]
[White "Arnason, Jon"]
[Black "McDonald, Neil R."]
[Result "1-0"]
[WhiteElo "2510"]
[BlackElo "2375"]
[EventDate "1988.03.28"]
[PlyCount "63"]
[Source "John Saunders"]

1.e4 e6 2.d4 d5 3.Nc3 Bb4 4.e5 c5 5.a3 Bxc3+ 6.bxc3 Ne7 7.Qg4 O-O 8.Bd3 f5
9.exf6 Rxf6 10.Bg5 Rf7 11.Qh4 h6 12.Bxe7 Rxe7 13.Qg3 cxd4 14.cxd4 Bd7 15.
Qg6 Qa5+ 16.Kd1 Bb5 17.Qh7+ Kf7 18.Bg6+ Kf6 19.Bh5 Be8 20.Bxe8 Rxe8 21.Ne2
Qa4 22.Rb1 Nc6 23.Rb3 Nxd4 24.Rb4 Qxa3 25.Rxd4 Qa1+ 26.Kd2 Qxh1 27.Rf4+ 
Ke7 28.Qxg7+ Kd6 29.Rf7 Rab8 30.Rc7 Rg8 31.Qd7+ Ke5 32.f4+ 1-0

[Event "Oakham Young Masters"]
[Site "Oakham"]
[Date "1988.03.30"]
[Round "3.9"]
[White "Plaskett, Harold James"]
[Black "Fogarasi, Tibor"]
[Result "1-0"]
[WhiteElo "2465"]
[BlackElo "2355"]
[EventDate "1988.03.28"]
[PlyCount "53"]
[Source "John Saunders"]

1.c4 e6 2.Nf3 d5 3.b3 c5 4.e3 Nf6 5.Bb2 Be7 6.g3 Nc6 7.Bg2 O-O 8.O-O b6 9.
Qe2 Ba6 10.d3 Qc7 11.Nc3 Rac8 12.Rac1 Rfd8 13.Rfd1 Qb8 14.h4 h6 15.Nb1 Nd7
16.Nh2 Bf6 17.cxd5 exd5 18.Nc3 d4 19.Nd5 Be5 20.f4 Bd6 21.Ng4 h5 22.Nf2 
dxe3 23.Ne4 Nd4 24.Qxh5 e2 25.Ng5 exd1=Q+ 26.Rxd1 Nf8 27.Nf6+ 1-0

[Event "Oakham Young Masters"]
[Site "Oakham"]
[Date "1988.03.30"]
[Round "3.10"]
[White "Hennigan, Michael"]
[Black "Flear, Glenn Curtis"]
[Result "0-1"]
[WhiteElo "2300"]
[BlackElo "2460"]
[EventDate "1988.03.28"]
[PlyCount "114"]
[Source "John Saunders"]

1.e4 e5 2.Nf3 Nc6 3.Bb5 Nd4 4.Nxd4 exd4 5.O-O Bc5 6.d3 c6 7.Bc4 d5 8.exd5 
cxd5 9.Bb5+ Kf8 10.Ba4 Be6 11.Nd2 Ne7 12.h3 Nf5 13.Nf3 f6 14.Bf4 h5 15.Re1
Bf7 16.h4 Kg8 17.Qd2 a6 18.Re2 Kh7 19.Rae1 b5 20.Bb3 a5 21.a3 a4 22.Ba2 
Rc8 23.Bh2 Qd7 24.Qf4 g6 25.Rb1 Rc6 26.Qd2 Rhc8 27.Ra1 Qb7 28.b4 Bf8 29.
Bf4 Rc3 30.Bb1 Qd7 31.Qd1 Bh6 32.Qd2 Bxf4 33.Qxf4 Qc7 34.Qxc7 R3xc7 35.Kf1
Kg7 36.Ke1 Kf8 37.Kd2 Re7 38.Rxe7 Kxe7 39.g3 Kd6 40.Kc1 Rg8 41.Ba2 g5 42.
Kd2 gxh4 43.gxh4 Rg2 44.Ke2 Ng3+ 45.Ke1 Nh1 46.Rd1 Rxf2 47.Nxd4 Be8 48.Rd2
Rf4 49.Ne2 Rxh4 50.c4 Rg4 51.Nc3 Rg1+ 52.Ke2 d4 53.Nxb5+ Ke5 54.Rc2 h4 55.
Kd2 Bh5 56.Rb2 Ng3 57.c5 Nf1+ 0-1

[Event "Oakham Young Masters"]
[Site "Oakham"]
[Date "1988.03.30"]
[Round "3.11"]
[White "Norwood, David Robert"]
[Black "Rossiter, Philip"]
[Result "1/2-1/2"]
[WhiteElo "2460"]
[BlackElo "2330"]
[EventDate "1988.03.28"]
[PlyCount "82"]
[Source "John Saunders"]

1.g3 Nf6 2.Bg2 d5 3.Nf3 c5 4.c4 e6 5.O-O Nc6 6.cxd5 exd5 7.d4 Be7 8.Nc3 
O-O 9.dxc5 Bxc5 10.Bg5 d4 11.Bxf6 Qxf6 12.Ne4 Qe7 13.Nxc5 Qxc5 14.Rc1 Qb6 
15.Qc2 h6 16.Nd2 Be6 17.b3 Nb4 18.Qb2 Rad8 19.Nc4 Qa6 20.a3 Nc6 21.Rfd1 
Rfe8 22.e4 d3 23.Bf1 Bxc4 24.bxc4 Ne5 25.Qc3 Qe6 26.Bg2 Qg4 27.f4 Nf3+ 28.
Kh1 d2 29.Rb1 Ne1 30.Rxd2 Nxg2 31.Kxg2 Rxd2+ 32.Qxd2 Rxe4 33.Qd8+ Kh7 34.
Qd3 f5 35.Rb2 Qg6 36.Qd5 Rxf4 37.Rxb7 Qg4 38.Qd3 Rd4 39.h3 Rxd3 40.hxg4 
Rxa3 41.gxf5 Kg8 1/2-1/2

[Event "Oakham Young Masters"]
[Site "Oakham"]
[Date "1988.03.30"]
[Round "3.14"]
[White "Thorhallsson, Throestur"]
[Black "Burgess, Mark"]
[Result "1-0"]
[WhiteElo "2415"]
[BlackElo "2250"]
[EventDate "1988.03.28"]
[PlyCount "69"]
[Source "John Saunders"]

1.d4 Nf6 2.c4 e6 3.Nc3 Bb4 4.e3 O-O 5.Bd3 c5 6.Ne2 d5 7.cxd5 exd5 8.a3 
Bxc3+ 9.bxc3 c4 10.Bc2 Bg4 11.f3 Bh5 12.Ng3 Nbd7 13.O-O Bg6 14.e4 Qa5 15.
e5 Qxc3 16.Bxg6 Qxa1 17.Bc2 Nxe5 18.dxe5 Qxe5 19.Re1 Qc3 20.Ne2 Qa5 21.Bb2
Rfe8 22.Bc3 Qxa3 23.Qd2 Qe7 24.Kf2 Qd6 25.Rd1 Rad8 26.Ng3 d4 27.Nf5 Qxh2 
28.Qg5 Nh5 29.Nh6+ Kh8 30.Nxf7+ Kg8 31.Nh6+ Kh8 32.Rxd4 Rxd4 33.Bxd4 Qf4 
34.Bxg7+ Nxg7 35.Qxf4 1-0

[Event "Oakham Young Masters"]
[Site "Oakham"]
[Date "1988.03.30"]
[Round "3.15"]
[White "Flear, Christine"]
[Black "Stefansson, Hannes Hlifar"]
[Result "0-1"]
[WhiteElo "2185"]
[BlackElo "2395"]
[EventDate "1988.03.28"]
[PlyCount "176"]
[Source "John Saunders"]

1.d4 c5 2.d5 Nf6 3.c4 e6 4.Nc3 exd5 5.cxd5 d6 6.e4 g6 7.f4 Bg7 8.Bb5+ Nfd7
9.a4 O-O 10.Nf3 Na6 11.O-O Nb4 12.Re1 a6 13.Bf1 Re8 14.Be3 Qc7 15.Nd2 f5 
16.exf5 gxf5 17.Nc4 Nf6 18.Kh1 Bd7 19.Rc1 Rad8 20.Bf2 Ng4 21.Bg3 b5 22.
axb5 axb5 23.Na3 Ne3 24.Qd2 Nxf1 25.Rxf1 Qb7 26.Rcd1 Na6 27.Nc2 b4 28.Ne2 
Bxb2 29.Bh4 Ra8 30.Rf3 Bg7 31.Rg3 Kh8 32.Ne3 Rg8 33.Nc4 Ba4 34.Re1 Qc7 35.
Ng1 Rae8 36.Re6 Bd4 37.Bg5 b3 38.Nf3 Bg7 39.Nh4 Rxe6 40.dxe6 Rb8 41.Nb2 c4
42.Bh6 Bf6 43.Bg5 Bg7 44.Bh6 Bf6 45.Bg5 Qg7 46.Bxf6 Qxf6 47.Nxf5 Be8 48.
Nxd6 Nc5 49.h3 Nxe6 50.Ndxc4 Qxf4 51.Qc3+ Qd4 52.Nd2 Bf7 53.Kh2 Qxc3 54.
Rxc3 Nd4 55.Rc7 Bg6 56.Rc4 Ne2 57.g4 Bc2 58.Kg2 Nc1 59.Kf2 Re8 60.Nxb3 
Re2+ 61.Kf3 Bxb3 62.Rc8+ Kg7 63.Rc7+ Kf6 64.Rc6+ Kf7 65.Rc7+ Ke8 66.Rxc1 
Rxb2 67.Rc7 Bf7 68.h4 Rb4 69.Ra7 Kf8 70.h5 Rb7 71.Rxb7 Bd5+ 72.Kf4 Bxb7 
73.g5 Kg7 74.Kf5 Bf3 75.h6+ Kf7 76.g6+ hxg6+ 77.Kg5 Be4 78.Kf4 Bb1 79.Kg5 
Kg8 80.Kh4 Kh7 81.Kg5 Ba2 82.Kh4 Kxh6 83.Kg4 g5 84.Kh3 Kh5 85.Kg3 Bd5 86.
Kh3 g4+ 87.Kg3 Kg5 88.Kh2 Kh4 0-1

[Event "Oakham Young Masters"]
[Site "Oakham"]
[Date "1988.03.30"]
[Round "3.16"]
[White "Badulescu, Cristina"]
[Black "Sadler, Matthew"]
[Result "1/2-1/2"]
[WhiteElo "2255"]
[BlackElo "2385"]
[EventDate "1988.03.28"]
[PlyCount "139"]
[Source "John Saunders"]

1.Nf3 d5 2.d4 e6 3.Bf4 Bd6 4.Bxd6 Qxd6 5.c3 Nf6 6.Nbd2 O-O 7.e3 Nbd7 8.Bd3
c5 9.O-O e5 10.dxe5 Nxe5 11.Nxe5 Qxe5 12.Nf3 Qh5 13.h3 Rd8 14.Nd2 Qe5 15.
Nf3 Qc7 16.Qa4 b6 17.Rfd1 Bb7 18.Ba6 Bc6 19.Bb5 Bxb5 20.Qxb5 Ne4 21.Qb3 
Qd7 22.Qc2 Qe6 23.Nd2 Nd6 24.Re1 f5 25.Rad1 Re8 26.Nf3 Ne4 27.Nd2 Rad8 28.
Nxe4 fxe4 29.Rd2 Re7 30.Red1 Qe5 31.Qa4 Rd6 32.Qa6 Kf7 33.Qe2 Ree6 34.Qa6 
Re7 35.Qe2 Kg8 36.Qa6 h5 37.a4 Kh7 38.a5 h4 39.Qc8 Red7 40.axb6 axb6 41.
Ra1 Qg5 42.Qa6 Rg6 43.Qf1 Qf5 44.Kh1 Rdd6 45.Rad1 Qe5 46.Qg1 b5 47.Qh2 
Qxh2+ 48.Kxh2 Rg5 49.b4 c4 50.Ra2 Rf6 51.Rad2 Rfg6 52.Rg1 Ra6 53.g3 hxg3+ 
54.Rxg3 Rf5 55.h4 Kh6 56.Rg5 Rxg5 57.hxg5+ Kxg5 58.Rxd5+ Kf6 59.Rxb5 Ra3 
60.Kg3 Rxc3 61.Kf4 Rc2 62.Rf5+ Ke6 63.Kxe4 Rb2 64.b5 c3 65.Rc5 Rxf2 66.
Rxc3 Rb2 67.Rc5 Rb4+ 68.Kf3 Kf6 69.e4 g5 70.Rf5+ 1/2-1/2

[Event "Oakham Young Masters"]
[Site "Oakham"]
[Date "1988.03.30"]
[Round "3.17"]
[White "Howell, James"]
[Black "Wians, Camille"]
[Result "1-0"]
[WhiteElo "2380"]
[BlackElo "2215"]
[EventDate "1988.03.28"]
[PlyCount "87"]
[Source "John Saunders"]

1.e4 c6 2.c4 d5 3.exd5 cxd5 4.d4 Nf6 5.Nc3 e6 6.Nf3 Be7 7.cxd5 Nxd5 8.Bd3 
Nc6 9.O-O O-O 10.Re1 b6 11.Nxd5 exd5 12.Bxh7+ Kxh7 13.Qc2+ g6 14.Qxc6 Bf5 
15.Bd2 Rc8 16.Qb5 Be4 17.Ne5 Bd6 18.Qd7 Kg7 19.Qxd8 Rfxd8 20.Rac1 Bf5 21.
Bh6+ Kg8 22.Bg5 Re8 23.Bf6 Bb4 24.Rf1 Bd2 25.Rxc8 Rxc8 26.g4 Be6 27.h3 Rc2
28.Rb1 Bc8 29.Nf3 Rc1+ 30.Rxc1 Bxc1 31.b3 Bb2 32.Ne1 Ba6 33.f3 Bc3 34.Kf2 
Bxe1+ 35.Kxe1 Kf8 36.Kd2 Ke8 37.h4 Bc8 38.Ke3 b5 39.Kf4 a5 40.Ke5 Be6 41.
Bg7 Ke7 42.h5 gxh5 43.gxh5 f5 44.Bf8+ 1-0

[Event "Oakham Young Masters"]
[Site "Oakham"]
[Date "1988.03.30"]
[Round "3.18"]
[White "Navrotescu, Catalin"]
[Black "Madl, Ildiko"]
[Result "1-0"]
[WhiteElo "2280"]
[BlackElo "2380"]
[EventDate "1988.03.28"]
[PlyCount "70"]
[Source "John Saunders"]

1.d4 Nf6 2.c4 c5 3.d5 e6 4.Nc3 exd5 5.cxd5 d6 6.e4 g6 7.f3 Bg7 8.Nge2 O-O 
9.Ng3 a6 10.a4 Qc7 11.Be2 Nbd7 12.Be3 Ne5 13.O-O h5 14.h3 Qe7 15.Qd2 Nh7 
16.f4 Nd7 17.e5 dxe5 18.f5 h4 19.Nge4 gxf5 20.Rxf5 Ndf6 21.Bxc5 Qc7 22.Rf2
Nxe4 23.Nxe4 f5 24.Rc1 Rd8 25.d6 Qf7 26.Bb6 Be6 27.Bxd8 Rxd8 28.Rc7 Qg6 
29.Nc5 Bh6 30.Qc3 Bd5 31.d7 Qd6 32.Rc8 Bg5 33.Rxf5 Qg6 34.Bg4 Nf8 35.Qxe5 
Bh6 1-0

[Event "Oakham Young Masters"]
[Site "Oakham"]
[Date "1988.03.30"]
[Round "3.19"]
[White "Buckley, Graeme"]
[Black "Agnos, Demetrios"]
[Result "1/2-1/2"]
[WhiteElo "2200"]
[BlackElo "2340"]
[EventDate "1988.03.28"]
[PlyCount "98"]
[Source "John Saunders"]

1.d4 Nf6 2.c4 e5 3.dxe5 Ng4 4.Nf3 Bc5 5.e3 Nc6 6.Be2 Ngxe5 7.Nc3 O-O 8.O-O
Re8 9.b3 Nxf3+ 10.Bxf3 Ne5 11.Bb2 d6 12.Na4 Nxf3+ 13.Qxf3 Bb6 14.Rfd1 Qe7 
15.Rd5 Bd7 16.Nxb6 axb6 17.Qf4 f6 18.a4 Bc6 19.Rh5 Qf7 20.Rh3 Re4 21.Qf5 
Qg6 22.Qxg6 hxg6 23.Rd1 Rd8 24.Kf1 d5 25.Ke2 Ree8 26.Rh4 dxc4 27.Rxd8 Rxd8
28.Rxc4 b5 29.Rc5 bxa4 30.bxa4 Ra8 31.a5 Bxg2 32.f3 c6 33.Bc3 Bh3 34.Rc4 
g5 35.Re4 Kf7 36.Rb4 Ra7 37.Rb2 Be6 38.Kd3 Bh3 39.Kd4 Bf1 40.Kc5 Ba6 41.
Kb6 Ra8 42.Kc7 Re8 43.Bd4 Ke6 44.Bc5 Rh8 45.Rd2 Rh3 46.Rd7 Rxf3 47.Rxg7 
Kd5 48.Kb6 Kc4 49.Bd4 Rf2 1/2-1/2

[Event "Oakham Young Masters"]
[Site "Oakham"]
[Date "1988.03.30"]
[Round "3.20"]
[White "Bruk, Ofer"]
[Black "Tozer, Richard"]
[Result "1/2-1/2"]
[WhiteElo "2340"]
[BlackElo "2255"]
[EventDate "1988.03.28"]
[PlyCount "140"]
[Source "John Saunders"]

1.Nf3 d5 2.d4 c5 3.dxc5 Nc6 4.c4 Nf6 5.cxd5 Qxd5 6.Qxd5 Nxd5 7.a3 e5 8.b4 
e4 9.Ng5 Bf5 10.Bb2 Be7 11.Nh3 e3 12.g3 Be4 13.f3 Bf5 14.Bg2 O-O 15.O-O 
Rfd8 16.f4 a5 17.b5 Na7 18.b6 Nc6 19.Rc1 a4 20.Nc3 Nxc3 21.Bxc3 Bxc5 22.
Bf6 Bd4 23.Bxd8 Rxd8 24.Rab1 Bxb1 25.Rxb1 Bc5 26.Ng5 Bxa3 27.Bxc6 bxc6 28.
b7 Rb8 29.Nf3 Bd6 30.Nd4 a3 31.Nxc6 a2 32.Ra1 Rxb7 33.Rxa2 g6 34.Kg2 Rb1 
35.Nd4 Rd1 36.Nf3 Kg7 37.Ra7 h6 38.Rd7 Kf6 39.Rd8 Ke7 40.Rc8 Rd2 41.Ng1 g5
42.fxg5 hxg5 43.Rc3 Kf6 44.Rxe3 Bc5 45.Re4 Kf5 46.Re5+ Kxe5 47.Nf3+ Ke4 
48.Nxd2+ Ke3 49.Nf3 f6 50.Kf1 Bd6 51.Ne1 f5 52.Nd3 f4 53.gxf4 gxf4 54.Ne1 
Be5 55.h3 Bb2 56.Nf3 Bc3 57.Nh2 Bb4 58.Ng4+ Ke4 59.Kg2 Bc5 60.Nh2 Be7 61.
Nf1 Bf6 62.Nh2 Bd8 63.Nf3 Ke3 64.Kf1 Bf6 65.h4 Bc3 66.h5 Bg7 67.Nh4 Bf8 
68.Ng6 Bg7 69.Nh4 Bf8 70.h6 Bxh6 1/2-1/2

[Event "Oakham Young Masters"]
[Site "Oakham"]
[Date "1988.03.30"]
[Round "3.21"]
[White "Canfell, Gregory"]
[Black "Dunnington, Angus"]
[Result "0-1"]
[WhiteElo "2200"]
[BlackElo "2330"]
[EventDate "1988.03.28"]
[PlyCount "136"]
[Source "John Saunders"]

1.e4 d5 2.exd5 Nf6 3.Bb5+ Nbd7 4.c4 a6 5.Ba4 b5 6.cxb5 Nxd5 7.Nc3 N5b6 8.
Bb3 axb5 9.d4 b4 10.Ne4 e6 11.Ne2 Bb7 12.Qc2 c5 13.dxc5 Bxe4 14.Qxe4 Nxc5 
15.Qf3 Nxb3 16.Qxb3 Qd5 17.Qxd5 Nxd5 18.O-O Bd6 19.Nd4 O-O 20.Bd2 h6 21.
Rfc1 Be5 22.Be3 Ra4 23.Rc2 Rfa8 24.b3 Ra3 25.g3 Nxe3 26.fxe3 Bxd4 27.exd4 
Rxb3 28.Rd1 Rba3 29.Rdd2 b3 30.axb3 Rxb3 31.d5 exd5 32.Rxd5 Rf3 33.Kg2 Rf6
34.Rd3 Ra5 35.Rf3 Raf5 36.Rxf5 Rxf5 37.h4 g6 38.Rc6 Kg7 39.Ra6 Rf6 40.Ra5 
Rf5 41.Ra6 Re5 42.Kf3 Re6 43.Ra5 f5 44.Rb5 Kf6 45.Ra5 Rb6 46.Kf4 g5+ 47.
hxg5+ hxg5+ 48.Kf3 Rb3+ 49.Kf2 Rb2+ 50.Ke3 Kg6 51.Rc5 g4 52.Rc6+ Kg5 53.
Rc8 Rg2 54.Rg8+ Kf6 55.Rf8+ Kg6 56.Kf4 Rf2+ 57.Ke5 Re2+ 58.Kd4 Rg2 59.Ke5 
Rxg3 60.Rf6+ Kg5 61.Rxf5+ Kh4 62.Ke4 Ra3 63.Rf8 Kh3 64.Rh8+ Kg2 65.Kf4 g3 
66.Rg8 Kf2 67.Kg4 g2 68.Rf8+ Ke2 0-1

[Event "Oakham Young Masters"]
[Site "Oakham"]
[Date "1988.03.30"]
[Round "3.22"]
[White "Schlosser, Michael"]
[Black "Morris, Philip"]
[Result "1-0"]
[WhiteElo "2330"]
[BlackElo "2200"]
[EventDate "1988.03.28"]
[PlyCount "91"]
[Source "John Saunders"]

1.e4 e5 2.Bc4 Nf6 3.Nc3 Nc6 4.d3 d6 5.f4 exf4 6.Bxf4 Na5 7.Nf3 Nxc4 8.dxc4
Be7 9.Qe2 O-O 10.O-O-O Qe8 11.h3 a6 12.Rhe1 Be6 13.Nd5 Bd8 14.e5 dxe5 15.
Bxe5 Bxd5 16.cxd5 Qa4 17.Kb1 Nd7 18.Bg3 Bf6 19.Qe4 Qb5 20.Nd4 Qb6 21.Nb3 
a5 22.Qe3 Qb5 23.Qe2 Qb6 24.a4 Qb4 25.Qe4 Qb6 26.Qf5 Rfd8 27.d6 c5 28.Qd5 
Re8 29.Qc4 Qc6 30.Qb5 Qxb5 31.axb5 b6 32.Nd2 Be5 33.Bxe5 Nxe5 34.Ne4 Rad8 
35.b3 f6 36.c4 Kf7 37.Nc3 Rd7 38.Na4 Rb8 39.Rd5 Ke6 40.Red1 Nf7 41.Rxc5 
Rxd6 42.Rxd6+ Kxd6 43.Rc6+ Ke7 44.Nxb6 Ne5 45.Nd5+ Ke8 46.Ra6 1-0

[Event "Oakham Young Masters"]
[Site "Oakham"]
[Date "1988.03.30"]
[Round "3.23"]
[White "Hepworth, Mandy"]
[Black "Thomas, Ian"]
[Result "0-1"]
[WhiteElo "2125"]
[BlackElo "2315"]
[EventDate "1988.03.28"]
[PlyCount "73"]
[Source "John Saunders"]

1.e4 d5 2.exd5 Nf6 3.d4 Nxd5 4.Nf3 g6 5.c4 Nb6 6.Nc3 Bg7 7.h3 O-O 8.Be2 
Nc6 9.Be3 e5 10.dxe5 Nxe5 11.Nxe5 Bxe5 12.c5 Nd7 13.Rc1 c6 14.O-O Qe7 15.
b4 Nf6 16.Bc4 Be6 17.Qb3 Rfe8 18.Bg5 Bxc4 19.Qxc4 Qe6 20.Qxe6 Rxe6 21.Rfd1
Bxc3 22.Rxc3 Ne4 23.Bd2 Nxc3 24.Bxc3 Rae8 25.Rd7 R6e7 26.Rd6 f5 27.a4 Re4 
28.Rd7 R8e7 29.Rd8+ Kf7 30.Rh8 Ke6 31.Ra8 Rc4 32.Bd2 a6 33.Kf1 Rd7 34.Re8+
Kf7 35.Re2 Rc2 36.Ke1 Ra2 37.a5 0-1

[Event "Oakham Young Masters"]
[Site "Oakham"]
[Date "1988.03.30"]
[Round "3.24"]
[White "Patrat, Alexandre"]
[Black "Quillan, Gary"]
[Result "1-0"]
[WhiteElo "2210"]
[BlackElo "2275"]
[EventDate "1988.03.28"]
[PlyCount "67"]
[Source "John Saunders"]

1.e4 e6 2.d4 d5 3.Nc3 Bb4 4.e5 c5 5.a3 Bxc3+ 6.bxc3 Ne7 7.Qg4 Qc7 8.Qxg7 
Rg8 9.Qxh7 cxd4 10.Ne2 Nbc6 11.f4 Bd7 12.Qd3 dxc3 13.Nxc3 a6 14.h4 Nf5 15.
Rh3 Rc8 16.h5 Nce7 17.Rb1 Nh6 18.Rb3 Nef5 19.Be3 b5 20.Bf2 Qa5 21.Qd2 Ng4 
22.Bg1 Qd8 23.Bd3 Nh4 24.Rg3 Nf5 25.Bxf5 Qh4 26.Bf2 exf5 27.Nxd5 Qh1+ 28.
Ke2 Be6 29.Rbc3 Qxh5 30.Rxc8+ Bxc8 31.Rh3 Qg6 32.Qb4 Kd7 33.Qe7+ Kc6 34.
Nb4# 1-0

[Event "Oakham Young Masters"]
[Site "Oakham"]
[Date "1988.03.30"]
[Round "3.25"]
[White "Matveeva, Svetlana"]
[Black "Buecker, Karsten"]
[Result "1-0"]
[WhiteElo "2310"]
[BlackElo "2200"]
[EventDate "1988.03.28"]
[PlyCount "55"]
[Source "John Saunders"]

1.d4 g6 2.Nf3 Bg7 3.c4 d6 4.g3 Nf6 5.Bg2 c6 6.O-O O-O 7.Nc3 Qc7 8.e4 Nbd7 
9.h3 e5 10.Be3 Nb6 11.Qe2 exd4 12.Nxd4 Re8 13.Rfd1 Be6 14.Nxe6 Rxe6 15.c5 
dxc5 16.Bxc5 Nbd7 17.Be3 Rae8 18.Rac1 Qa5 19.Qc2 Nc5 20.Rd4 Nfd7 21.b4 Qc7
22.bxc5 Bxd4 23.Bxd4 f6 24.f4 g5 25.Qf2 R6e7 26.Kh1 b5 27.cxb6 axb6 28.Nd5
1-0

[Event "Oakham Young Masters"]
[Site "Oakham"]
[Date "1988.03.30"]
[Round "3.26"]
[White "Trabert, Bettina"]
[Black "Szmigielska, Anna"]
[Result "1/2-1/2"]
[WhiteElo "2230"]
[BlackElo "2110"]
[EventDate "1988.03.28"]
[PlyCount "64"]
[Source "John Saunders"]

1.e4 e5 2.Nc3 Nf6 3.g3 Bc5 4.Bg2 O-O 5.d3 c6 6.Nf3 d6 7.O-O Nbd7 8.h3 Re8 
9.Kh2 Nf8 10.Nh4 Ng6 11.Nxg6 hxg6 12.f4 exf4 13.Bxf4 Nh5 14.Bd2 Bd4 15.Qf3
Qc7 16.Rab1 Re6 17.Bg5 Bf6 18.h4 Bxc3 19.bxc3 Re8 20.Bh3 Bxh3 21.Kxh3 Re6 
22.Qg4 Rf8 23.Rf2 d5 24.exd5 cxd5 25.Rbf1 Rc6 26.Bd2 Nf6 27.Qd4 Ra6 28.Bg5
Nh5 29.Rg1 Qd7+ 30.g4 Rxa2 31.Kh2 Qd6+ 32.Kh3 Qd7 1/2-1/2

[Event "Oakham Young Masters"]
[Site "Oakham"]
[Date "1988.03.31"]
[Round "4.3"]
[White "Horvath, Csaba"]
[Black "Howell, James"]
[Result "1/2-1/2"]
[WhiteElo "2445"]
[BlackElo "2380"]
[EventDate "1988.03.28"]
[PlyCount "53"]
[Source "John Saunders"]

1.e4 e5 2.Nf3 Nc6 3.Bb5 a6 4.Ba4 Nf6 5.O-O Be7 6.Bxc6 dxc6 7.d3 Nd7 8.Nc3 
O-O 9.Be3 Re8 10.d4 exd4 11.Nxd4 Ne5 12.Qe2 Ng4 13.Rad1 Bd6 14.h3 Nxe3 15.
Qxe3 Qe7 16.Rfe1 f6 17.Re2 Bd7 18.Qd3 Qf7 19.Rde1 Re7 20.Nf5 Bxf5 21.exf5 
Rae8 22.Ne4 Qd5 23.Qf3 Kf8 24.b3 b5 25.Re3 c5 26.Rd1 Qc6 27.Rde1 1/2-1/2

[Event "Oakham Young Masters"]
[Site "Oakham"]
[Date "1988.03.31"]
[Round "4.4"]
[White "Janjgava, Lasha"]
[Black "Stratil, Ladislav jr"]
[Result "1/2-1/2"]
[WhiteElo "2425"]
[BlackElo "2430"]
[EventDate "1988.03.28"]
[PlyCount "70"]
[Source "John Saunders"]

1.d4 Nf6 2.Nf3 e6 3.c4 b6 4.a3 Ba6 5.Qc2 Bb7 6.Nc3 c5 7.d5 exd5 8.cxd5 
Nxd5 9.Bg5 Be7 10.Nb5 O-O 11.Nd6 Ne3 12.fxe3 Bxf3 13.exf3 Bxg5 14.Qe4 Qe7 
15.Qxe7 Bxe7 16.O-O-O Bxd6 17.Rxd6 Nc6 18.Rxd7 Rad8 19.Rc7 Rc8 20.Rxc8 
Rxc8 21.Ba6 Rd8 22.Rd1 Kf8 23.Rxd8+ Nxd8 24.Kc2 Ke7 25.Kd3 Ne6 26.Ke4 Nc7 
27.Be2 b5 28.f4 Kd6 29.g4 c4 30.g5 Ne6 31.Bd1 a5 32.h4 Nc5+ 33.Kd4 Ne6+ 
34.Ke4 Nc5+ 35.Kd4 Ne6+ 1/2-1/2

[Event "Oakham Young Masters"]
[Site "Oakham"]
[Date "1988.03.31"]
[Round "4.5"]
[White "Flear, Glenn Curtis"]
[Black "Schulte, Oliver"]
[Result "1/2-1/2"]
[WhiteElo "2460"]
[BlackElo "2440"]
[EventDate "1988.03.28"]
[PlyCount "38"]
[Source "John Saunders"]

1.d4 Nf6 2.c4 e6 3.Nf3 c5 4.d5 exd5 5.cxd5 d6 6.Nc3 g6 7.Bf4 a6 8.e4 b5 9.
Qe2 Be7 10.Qc2 O-O 11.Be2 Re8 12.Nd2 Bf8 13.O-O Nbd7 14.Rfe1 Rb8 15.b3 Ne5
16.a4 b4 17.Nd1 Nh5 18.Bxh5 gxh5 19.Nb2 Ng6 1/2-1/2

[Event "Oakham Young Masters"]
[Site "Oakham"]
[Date "1988.03.31"]
[Round "4.6"]
[White "Serper, Grigory"]
[Black "Navrotescu, Catalin"]
[Result "0-1"]
[WhiteElo "2450"]
[BlackElo "2280"]
[EventDate "1988.03.28"]
[PlyCount "92"]
[Source "John Saunders"]

1.e4 e6 2.d4 d5 3.Nd2 Nf6 4.e5 Nfd7 5.f4 c5 6.Ngf3 Nc6 7.c3 cxd4 8.Nxd4 
Nxd4 9.cxd4 Qb6 10.Nf3 Nb8 11.a3 Bd7 12.Bd3 Nc6 13.Bc2 Be7 14.O-O g6 15.
Rb1 h5 16.b4 Kf8 17.Be3 Kg7 18.Ng5 Bxg5 19.fxg5 Nxe5 20.Rf6 Be8 21.Bf2 Ng4
22.Qf3 Rc8 23.Bb3 Qd8 24.Bg3 Rf8 25.Rf4 Qxg5 26.h3 e5 27.dxe5 Nxe5 28.Qxd5
Qxg3 29.Qxe5+ Kh6 30.Bd5 Bc6 31.Bxc6 Rxc6 32.Rbf1 Rfc8 33.Qd5 f5 34.R4f3 
Qd6 35.Rd3 Qxd5 36.Rxd5 Rc3 37.Rd7 Rxa3 38.Rf2 b6 39.b5 Rc5 40.Rb2 Ra5 41.
h4 Rc4 42.g3 Rg4 43.Rb3 f4 44.Kh2 fxg3+ 45.Kh3 g2 46.Re3 g1=R 0-1

[Event "Oakham Young Masters"]
[Site "Oakham"]
[Date "1988.03.31"]
[Round "4.9"]
[White "Stefansson, Hannes Hlifar"]
[Black "Conquest, Stuart"]
[Result "0-1"]
[WhiteElo "2395"]
[BlackElo "2445"]
[EventDate "1988.03.28"]
[PlyCount "125"]
[Source "John Saunders"]

1.e4 e5 2.Nf3 Nc6 3.Bb5 a6 4.Ba4 Nf6 5.O-O Be7 6.Re1 b5 7.Bb3 d6 8.c3 O-O 
9.h3 Nb8 10.d4 Nbd7 11.c4 c6 12.Qc2 Bb7 13.Nc3 Rc8 14.a3 Qc7 15.Qe2 h6 16.
Be3 Rfe8 17.Rad1 Bf8 18.cxb5 cxb5 19.dxe5 dxe5 20.Nd5 Nxd5 21.exd5 Nf6 22.
Nh4 Qd7 23.Qf3 Kh7 24.g4 e4 25.Qf5+ Qxf5 26.Nxf5 g6 27.d6 gxf5 28.d7 Nxd7 
29.Rxd7 Re7 30.Red1 Bc6 31.Rxe7 Bxe7 32.Bxf7 f4 33.Be6 Rf8 34.Bc1 Kg7 35.
b4 h5 36.Bf5 hxg4 37.hxg4 f3 38.Bb2+ Kf7 39.Rc1 Bd5 40.Rc7 Be6 41.Bd4 Rg8 
42.Kh1 Bxf5 43.gxf5 Kf8 44.f6 Bd6 45.Rc6 Rh8+ 46.Kg1 Bh2+ 47.Kf1 Kf7 48.
Be3 Be5 49.Ke1 Rd8 50.Bd2 Rd6 51.Rc8 Kxf6 52.Re8 Kf5 53.Ra8 Bb2 54.Rf8+ 
Rf6 55.Rd8 Bxa3 56.Bc3 Rc6 57.Rf8+ Kg4 58.Rg8+ Kf5 59.Rf8+ Ke6 60.Kd2 Bc1+
61.Kc2 Bg5 62.Kb3 Be7 63.Rf4 0-1

[Event "Oakham Young Masters"]
[Site "Oakham"]
[Date "1988.03.31"]
[Round "4.10"]
[White "Gdanski, Jacek"]
[Black "Blatny, Pavel"]
[Result "0-1"]
[WhiteElo "2355"]
[BlackElo "2440"]
[EventDate "1988.03.28"]
[PlyCount "84"]
[Source "John Saunders"]

1.e4 e5 2.Nf3 Nc6 3.Bc4 Nf6 4.d3 h6 5.Nc3 d6 6.a3 g6 7.h3 Bg7 8.Be3 O-O 9.
Qd2 Kh7 10.g4 Nd7 11.O-O-O Nd4 12.Bxd4 exd4 13.Ne2 Rb8 14.Ba2 c5 15.h4 b5 
16.Kb1 Nb6 17.Ng5+ Kg8 18.Nxf7 Rxf7 19.Bxf7+ Kxf7 20.h5 Kg8 21.hxg6 Bxg4 
22.Qf4 Qd7 23.f3 Be6 24.Rxh6 Rf8 25.Qh4 Bxh6 26.Qxh6 Qg7 27.Qh5 d5 28.f4 
dxe4 29.dxe4 Na4 30.Rh1 d3 31.Qh7+ Qxh7 32.gxh7+ Kh8 33.cxd3 Bg4 34.Nc1 
Rxf4 35.Rh4 c4 36.dxc4 bxc4 37.Rh6 Rxe4 38.Ra6 Nc5 39.Rxa7 Bf5 40.Ka2 Re1 
41.b4 Rxc1 42.bxc5 c3 0-1